000 00933nas a2200325 4500
001 BR9508927
003 BR-BrBNA
005 20231205095517.0
007 ta
008 230509b bl.|||p| |||| 00| 00por d
040 _aBR-BrBNA
_bpor
_cBiblioteca Nacional de Agricultura
041 _a(Pt)
072 _aH20
100 1 _aBettiol, W.
100 1 _aGhini, R.
100 1 _aGalvao, J.A.H.
100 1 _aZocchi, S.S.
245 1 _aSolarizacao do solo para o controle de Pythium e plantas daninhas em cultura de crisantemo
650 _aCrisantemo
650 _aFungo
650 _aFungicida
650 _aHerbicida
650 _aErva Daninha
650 _aEnergia Solar
650 _aControle Quimico
650 _aControle Biologico
773 0 _tScientia Agricola (Brazil)
_xISSN 0103-9016
_g(Sep-Dec 1994), v. 51(3) p. 459-462
_wBR9508927
909 _a202311
_bLúcia
_c55
_dLúcia Elande
942 _2AGRIS
_n0
_cANA
999 _c151123
_d151123